| 000 | 00356nam a22001457a 4500 | ||
|---|---|---|---|
| 003 | MACL | ||
| 005 | 20200702154927.0 | ||
| 008 | 200702b xxu||||| |||| 00| 0 eng d | ||
| 040 | _c MACL | ||
| 100 |
_aBarlow , Glyn _978819 |
||
| 245 | _aThe Story of madras(Chennai) | ||
| 260 |
_aDelhi _bSanjay Pra _c2019 |
||
| 650 |
_aStory _978820 |
||
| 942 |
_2ddc _cBK |
||
| 999 |
_c62535 _d62535 |
||